| 000 | 00353nam a2200157Ia 4500 | ||
|---|---|---|---|
| 008 | 230312s9999||||xx |||||||||||||| ||und|| | ||
| 020 | _a1-84112-631-4 | ||
| 082 |
_a658 _bALL-M |
||
| 100 | _aAllan;Tony | ||
| 245 | 0 | _aMaking Good | |
| 260 |
_bCapstone _aUK _c2006 |
||
| 300 | _a213 | ||
| 546 | _aEng. | ||
| 650 |
_aManagement _vmaking good |
||
| 942 | _cBK | ||
| 999 |
_c6970 _d6970 |
||